000 00540nam a2200217Ia 4500
003 OSt
005 20230318110737.0
008 210423s2016 xx 000 0 und d
020 _a978-81-7599-383-9
040 _cAL
041 _aeng
082 _a823.8
_223
_bELIM
100 _aELIOT (George) Psued Mary Ann Evans
_976345
245 _aMill on the floss
260 _aNew Delhi
_bFingerprint
_c2016
300 _a559
_bPB
365 _b199
_cINR
650 _aEnglish Fiction
_976346
906 _afloss ; Mill
942 _2ddc
_cBK
999 _c168703
_d168703